000 00291nam a22001337a 4500
008 170614b xxu||||| |||| 00| 0 eng d
020 _a2320000258071
041 _aeng
080 _a32
100 _a19
101 _aSHP
245 _aTHE TERROR PRESIDENCY
_cGOLDSMITH,J
942 _2udc
_cBK
999 _c17336
_d17336